[Event "Liberec op 12th"]
[Site "Liberec"]
[Date "2011.10.24"]
[Round "3"]
[White "Hansen, Flemming Haupt"]
[Black "Wojcicki, Lukasz"]
[Result "1-0"]
[WhiteElo "2100"]
[BlackElo "1828"]
[PlyCount "49"]
[EventDate "2011.10.22"]
[EventType "swiss"]
[EventRounds "9"]
[EventCountry "CZE"]
[SourceTitle "EXT 2012"]
[Source "ChessBase"]
[SourceDate "2011.11.24"]
[SourceVersion "1"]
[SourceVersionDate "2011.11.24"]
[SourceQuality "1"]

1. e4 e5 2. Nf3 Nf6 3. d4 Nxe4 4. Bd3 d5 5. Nxe5 Bd6 6. 0-0 0-0 7. Bxe4 dxe4 8. Nc3 Nd7 9. Nxd7 Bxd7 10. Nxe4 Bxh2+ 11. Kxh2 Qh4+ 12. Kg1 Qxe4 13. Re1 Qg6 14. Bf4 Rad8 15. Re3 Qb6 16. Rb3 Qg6 17. Rg3 Qb6 18. Qh5 g6 19. Rd1 Rfe8 20. Be5 f6 21. Rxg6+ hxg6 22. Qxg6+ Kf8 23. Bxf6 Re7 24. Qh6+ Kg8 25. Qh8+ 1-0

[Event "Ursus op"]
[Site "Ursus"]
[Date "2006.05.28"]
[Round "3"]
[White "Liberadzki, Slawomir"]
[Black "Wojcicki, Lukasz"]
[Result "0-1"]
[WhiteElo "1983"]
[BlackElo "1831"]
[PlyCount "60"]
[EventDate "2006.05.27"]
[EventType "swiss"]
[EventRounds "9"]
[EventCountry "POL"]
[SourceTitle "EXT 2008"]
[Source "ChessBase"]
[SourceDate "2007.11.25"]
[SourceVersion "1"]
[SourceVersionDate "2007.11.25"]
[SourceQuality "1"]

1. e4 c5 2. c3 g6 3. d4 cxd4 4. cxd4 d5 5. exd5 Nf6 6. Nc3 Nxd5 7. Qb3 Nb6 8. Nf3 Be6 9. Qb5+ Nc6 10. Ne5 Rc8 11. Nxc6 bxc6 12. Qe5 Rg8 13. Be3 Nd5 14. Be2 Bg7 15. Qg3 Qb6 16. 0-0 Nxe3 17. fxe3 Qxb2 18. Rfc1 Qb8 19. Qf2 f5 20. Na4 Bd5 21. Nc5 Bh6 22. Rcb1 Qd6 23. Rb7 Rc7 24. Rab1 Kf7 25. Rxc7 Qxc7 26. e4 Bxa2 27. Rb7 Qa5 28. exf5 Be3 29. fxg6+ Kg7 30. Qxe3 Qe1+ 0-1

[Event "EU-ch 6th"]
[Site "Warsaw"]
[Date "2005.06.30"]
[Round "12"]
[White "Praszak, Michal"]
[Black "Wojcicki, Lukasz"]
[Result "1-0"]
[WhiteElo "2261"]
[BlackElo "1833"]
[PlyCount "99"]
[EventDate "2005.06.18"]
[EventType "swiss"]
[EventRounds "13"]
[EventCountry "POL"]
[SourceTitle "CBM 108"]
[Source "ChessBase"]
[SourceDate "2005.09.26"]
[SourceVersion "1"]
[SourceVersionDate "2005.09.26"]
[SourceQuality "1"]

1. d4 d5 2. c4 c6 3. Nf3 e6 4. Nc3 Nf6 5. Qd3 Nbd7 6. g3 Be7 7. Bg2 b6 8. 0-0 Bb7 9. e4 Nxe4 10. Nxe4 dxe4 11. Qxe4 Nf6 12. Qc2 0-0 13. Rd1 Qc7 14. Bf4 Bd6 15. Bxd6 Qxd6 16. Ne5 Nd7 17. c5 bxc5 18. Nxd7 Qxd7 19. dxc5 Qc7 20. Rd6 Rad8 21. Rad1 Rxd6 22. cxd6 Qd7 23. Qc5 a6 24. b4 f6 25. a4 Rc8 26. Qb6 Rb8 27. Qc7 Rd8 28. Qxd7 Rxd7 29. b5 axb5 30. axb5 cxb5 31. Bxb7 Kf7 32. Bc6 Rd8 33. Bxb5 e5 34. Bc4+ Ke8 35. Be6 g6 36. g4 Kf8 37. h4 h6 38. Kg2 Ke8 39. Kf3 Kf8 40. Ke4 Ra8 41. Kd5 Ke8 42. Rc1 Ra5+ 43. Rc5 Rxc5+ 44. Kxc5 Kd8 45. f3 Ke8 46. h5 gxh5 47. gxh5 Kd8 48. Kd5 Ke8 49. Kc6 Kd8 50. Kb7 1-0

[Event "EU-ch 6th"]
[Site "Warsaw"]
[Date "2005.06.22"]
[Round "5"]
[White "Wojcicki, Lukasz"]
[Black "Bruno, Fabio"]
[Result "0-1"]
[WhiteElo "1833"]
[BlackElo "2374"]
[PlyCount "138"]
[EventDate "2005.06.18"]
[EventType "swiss"]
[EventRounds "13"]
[EventCountry "POL"]
[SourceTitle "CBM 108"]
[Source "ChessBase"]
[SourceDate "2005.09.26"]
[SourceVersion "1"]
[SourceVersionDate "2005.09.26"]
[SourceQuality "1"]

1. d4 d5 2. Bf4 Nf6 3. Nf3 c5 4. c3 Nc6 5. e3 Qb6 6. Qb3 c4 7. Qc2 Bf5 8. Qc1 Rc8 9. Nbd2 h6 10. Be2 e6 11. Ne5 Qa5 12. a4 Nxe5 13. Bxe5 Be7 14. Bd1 Bd3 15. Bxf6 Bxf6 16. Bc2 Bxc2 17. Qxc2 b5 18. 0-0 b4 19. e4 bxc3 20. bxc3 0-0 21. e5 Be7 22. f4 f5 23. Rab1 Rb8 24. Rxb8 Rxb8 25. Rb1 Rxb1+ 26. Nxb1 Kf7 27. Kf2 g5 28. g4 Kg6 29. fxg5 hxg5 30. Nd2 Qb6 31. h3 Qb8 32. Kg2 Bd8 33. Kh2 Ba5 34. gxf5+ exf5 35. Kg2 Bd8 36. Kf2 Be7 37. Kg2 Ba3 38. Kg3 Qb2 39. Qxb2 Bxb2 40. Nb1 Bc1 41. Kf3 Kf7 42. Kg3 Ke6 43. Kf3 Kf7 44. Kg3 Kg6 45. Kf3 Kh5 46. Kg3 Bf4+ 47. Kg2 a6 48. Na3 Bd2 49. Nb1 Bc1 50. Kg3 g4 51. hxg4+ fxg4 52. Kh2 Kg5 53. Kg3 Kf5 54. Kg2 Bg5 55. Kg3 Bf4+ 56. Kg2 Ke4 57. Na3 Bc1 58. Nb5 Bg5 59. Nc7 Bd8 60. e6 a5 61. Kf2 Bh4+ 62. Kg2 g3 63. e7 Bxe7 64. Nb5 Bh4 65. Nc7 Bg5 66. Nb5 Bf4 67. Na3 Bb8 68. Kg1 Kf3 69. Nb5 Ke2 0-1